Test de Mémoire à Court Terme - Nord-Américain Pays - Statistiques

Statistiques générales
  • Ce quiz a été pris 120 fois
  • Le résultat moyen est 6 sur 8
Statistiques - réponses
Réponse % Correct
Mexique
94%
Canada
93%
Etats-Unis
91%
Costa Rica
84%
Haïti
83%
Panama
82%
Belize
80%
Guatemala
78%
Saint-Christophe- et-Niévès
77%
Jamaïque
76%
Barbade
74%
Antigua-et-Barbuda
73%
Nicaragua
73%
République dominicaine
73%
Bahamas
71%
Honduras
70%
Sainte-Lucie
69%
Salvador
69%
Cuba
67%
Dominique
65%
Grenade
63%
Saint-Vincent-et-les-Grenadines
63%
Aucun quiz correspondant
Distribution des résultats
% des personnes avec chaque résultat
Percentile par nombre de réponses
Votre historique - résultats
Vous n’avez pas pris ce quiz